[Event "3. Ashdod International Chess Tournamen"]
[Site "Ashdod ISR"]
[Date "2006.09.15"]
[Round "5.7"]
[White "Tarnopolsky, Anatoly"]
[Black "Mikhalevski, Victor"]
[Result "0-1"]
[WhiteElo "2339"]
[BlackElo "2571"]
[PlyCount "134"]
[EventDate "2006.09.11"]
[EventType "swiss"]
[EventRounds "9"]
[EventCountry "ISR"]
[Source "lmi"]
[SourceDate "2006.09.11"]

1. d4 Nf6 2. c4 g6 3. Nc3 d5 4. cxd5 Nxd5 5. e4 Nxc3 6. bxc3 Bg7 7. Bc4 c5 8.
Ne2 Nc6 9. Be3 O-O 10. O-O Bd7 11. Rb1 Qc7 12. Bd3 Rad8 13. Qc1 Bc8 14. Rd1 e5
15. d5 Na5 16. c4 b6 17. Nc3 f5 18. exf5 gxf5 19. Bg5 e4 20. Bxd8 Qxd8 21. Bf1
Qf6 22. d6 Nc6 23. Nd5 Qd8 24. Qf4 Kh8 25. h4 Rg8 26. Qg5 Qxg5 27. hxg5 Bd4 28.
Ne7 Nxe7 29. dxe7 Kg7 30. a4 Kf7 31. a5 bxa5 32. Rb5 Kxe7 33. Rxa5 a6 34. Rb1
f4 35. Be2 Rxg5 36. Ra3 Rg6 37. Rb8 Kd8 38. Bh5 Rg5 39. Be2 Kc7 40. Rxc8+ Kxc8
41. Rxa6 f3 42. Bf1 e3 43. fxe3 Bxe3+ 44. Kh2 f2 45. g3 h5 46. Ra3 Bd4 47. Rf3
Kb7 48. Rb3+ Ka6 49. Kg2 Ka5 50. Kf3 Ka4 51. Rb7 Ka3 52. Rb6 Ka2 53. Rb7 Re5
54. Kg2 Rg5 55. Kf3 h4 56. gxh4 Rg1 57. Ke2 Rh1 58. Rb8 Ka3 59. Rb1 Rxh4 60.
Bg2 Rg4 61. Bd5 Rg1 62. Rf1 Rg3 63. Bf7 Rg7 64. Bd5 Re7+ 65. Kd2 Re1 66. Bg2
Kb2 67. Bh3 Kb3 0-1

[Event "3. Ashdod International Chess Tournamen"]
[Site "Ashdod ISR"]
[Date "2006.09.16"]
[Round "6.1"]
[White "Livshits, Gaby"]
[Black "Kudischewitsch, David"]
[Result "1-0"]
[WhiteElo "2406"]
[BlackElo "2343"]
[PlyCount "81"]
[EventDate "2006.09.11"]
[EventType "swiss"]
[EventRounds "9"]
[EventCountry "ISR"]
[Source "lmi"]
[SourceDate "2006.09.11"]

1. e4 c5 2. Nf3 e6 3. d3 Nc6 4. g3 d5 5. Qe2 Nf6 6. Bg2 Be7 7. O-O O-O 8. e5
Nd7 9. c4 d4 10. h4 Re8 11. Re1 Rb8 12. Bf4 Nf8 13. h5 b5 14. cxb5 Nb4 15. Na3
a6 16. b6 Rxb6 17. Nc4 Rb5 18. Rec1 Nd5 19. Bd2 Bd7 20. h6 g6 21. a4 Rb8 22.
Ba5 Qc8 23. Nd6 Bxd6 24. exd6 e5 25. Nxe5 Ne3 26. Nxd7 Qxd7 27. fxe3 Rxe3 28.
Qf2 Qxd6 29. Qf4 Qxf4 30. gxf4 Ne6 31. Be4 Nxf4 32. Rxc5 f5 33. Bd5+ Kf8 34. b3
Ke7 35. Bc4 Nxd3 36. Rc7+ Kf6 37. Rxh7 Ne5 38. Bc7 Nxc4 39. Bxb8 Rxb3 40. Ba7
d3 41. Rc7 1-0

[Event "3. Ashdod International Chess Tournamen"]
[Site "Ashdod ISR"]
[Date "2006.09.16"]
[Round "6.3"]
[White "Smirin, Ilia"]
[Black "Paveliev, Alexey"]
[Result "1/2-1/2"]
[WhiteElo "2659"]
[BlackElo "2403"]
[PlyCount "42"]
[EventDate "2006.09.11"]
[EventType "swiss"]
[EventRounds "9"]
[EventCountry "ISR"]
[Source "lmi"]
[SourceDate "2006.09.11"]

1. c4 e5 2. Nc3 Nf6 3. Nf3 Nc6 4. d4 exd4 5. Nxd4 Bb4 6. Bg5 h6 7. Bh4 d5 8.
Nxc6 bxc6 9. Qa4 Bxc3+ 10. bxc3 Bd7 11. c5 g5 12. Bg3 Ne4 13. Qd4 f6 14. f3
Nxg3 15. hxg3 Qe7 16. O-O-O Bf5 17. e4 dxe4 18. g4 Bg6 19. Bc4 Rd8 20. Qe3
Rxd1+ 21. Rxd1 Kf8 1/2-1/2

[Event "3. Ashdod International Chess Tournamen"]
[Site "Ashdod ISR"]
[Date "2006.09.16"]
[Round "6.4"]
[White "Ehlvest, Jaan"]
[Black "Murey, Jacob"]
[Result "1/2-1/2"]
[WhiteElo "2593"]
[BlackElo "2482"]
[PlyCount "79"]
[EventDate "2006.09.11"]
[EventType "swiss"]
[EventRounds "9"]
[EventCountry "ISR"]
[Source "lmi"]
[SourceDate "2006.09.11"]

1. e4 c5 2. Nf3 d6 3. d4 cxd4 4. Nxd4 Nf6 5. Nc3 a6 6. Be3 Ng4 7. Bg5 Nc6 8.
Nxc6 bxc6 9. Be2 h6 10. Bh4 Ne5 11. Bg3 Qa5 12. Qd4 Nd7 13. O-O Qb6 14. Qd2 e5
15. Na4 Qa7 16. Kh1 Nf6 17. f3 Rb8 18. b4 Qc7 19. c4 Be7 20. Bf2 O-O 21. Rab1
Nh5 22. Be3 f5 23. c5 fxe4 24. fxe4 Rxf1+ 25. Rxf1 Nf6 26. Bc4+ Kh7 27. Nb6 Bg4
28. Bxa6 dxc5 29. bxc5 Bh5 30. a4 Bg6 31. Bd3 Nd7 32. Nxd7 Qxd7 33. Qc3 Qe6 34.
Rb1 Ra8 35. Bc2 Qg4 36. Qc4 Bg5 37. Bxg5 Qxg5 38. Rd1 Qe3 39. h3 Ra5 40. Rd8
1/2-1/2

[Event "3. Ashdod International Chess Tournamen"]
[Site "Ashdod ISR"]
[Date "2006.09.16"]
[Round "6.5"]
[White "Kantsler, Boris"]
[Black "Maryasin, Boris"]
[Result "1-0"]
[WhiteElo "2490"]
[BlackElo "2332"]
[PlyCount "69"]
[EventDate "2006.09.11"]
[EventType "swiss"]
[EventRounds "9"]
[EventCountry "ISR"]
[Source "lmi"]
[SourceDate "2006.09.11"]

1. d4 e6 2. c4 c5 3. d5 exd5 4. cxd5 d6 5. Nc3 g6 6. e4 Bg7 7. Bd3 Ne7 8. h4 h5
9. Nf3 a6 10. a4 Bg4 11. Be2 Nd7 12. a5 Bxf3 13. Bxf3 Ne5 14. Be2 O-O 15. Bg5
f6 16. Be3 f5 17. Bg5 Qc7 18. O-O fxe4 19. Nxe4 Nf5 20. Ra2 Rae8 21. b3 Ng4 22.
Nd2 Nfh6 23. Bxh6 Nxh6 24. Bd3 Nf5 25. Ne4 Nxh4 26. Ng5 Bd4 27. Re2 Qd8 28. Ne6
Nf3+ 29. gxf3 Rxe6 30. Rxe6 Qg5+ 31. Kh1 Rf6 32. Qc1 Qh4+ 33. Kg2 g5 34. Rxf6
Bxf6 35. Qe3 1-0

[Event "3. Ashdod International Chess Tournamen"]
[Site "Ashdod ISR"]
[Date "2006.09.17"]
[Round "7.1"]
[White "Borsuk, Angela"]
[Black "Lerner, Konstantin Z"]
[Result "0-1"]
[WhiteElo "2311"]
[BlackElo "2523"]
[PlyCount "102"]
[EventDate "2006.09.11"]
[EventType "swiss"]
[EventRounds "9"]
[EventCountry "ISR"]
[Source "lmi"]
[SourceDate "2006.09.11"]

1. d4 Nf6 2. c4 e6 3. Nf3 b6 4. g3 Ba6 5. b3 Bb4+ 6. Bd2 Be7 7. Nc3 d5 8. cxd5
exd5 9. Bg2 O-O 10. Ne5 Bb7 11. O-O Na6 12. Bc1 Re8 13. Bb2 Bf8 14. Rc1 c5 15.
Nd3 cxd4 16. Nb5 Nc5 17. Nxd4 Qd7 18. Nf4 a5 19. Nc2 Nfe4 20. Ne3 Rad8 21. Bh3
Ne6 22. Nxe6 fxe6 23. Bg2 Nc5 24. Ng4 d4 25. Ne5 Qc7 26. Bxb7 Qxe5 27. Bc6 Re7
28. Rc4 Qc7 29. Be4 Red7 30. Bb1 g6 31. a4 Qb7 32. f3 b5 33. axb5 Qxb5 34. Ba2
Na6 35. Qd2 Nb4 36. Bb1 e5 37. Ba3 Nd5 38. Bxf8 Rxf8 39. Rfc1 Nc3 40. Bd3 Qxb3
41. Rc5 Qb4 42. Rxe5 a4 43. Re6 Rg7 44. Rc6 Kh8 45. Bc4 Rd7 46. Be6 Re7 47. Bc4
Nxe2+ 48. Qxe2 Rxe2 49. Bxe2 d3 50. Bd1 d2 51. R1c2 Qe7 0-1

[Event "3. Ashdod International Chess Tournamen"]
[Site "Ashdod ISR"]
[Date "2006.09.17"]
[Round "7.3"]
[White "Sutovsky, Emil"]
[Black "Mikhalevski, Victor"]
[Result "1-0"]
[WhiteElo "2607"]
[BlackElo "2571"]
[PlyCount "93"]
[EventDate "2006.09.11"]
[EventType "swiss"]
[EventRounds "9"]
[EventCountry "ISR"]
[Source "lmi"]
[SourceDate "2006.09.11"]

1. e4 e5 2. Nf3 Nc6 3. Bb5 a6 4. Ba4 Nf6 5. O-O Nxe4 6. d4 b5 7. Bb3 d5 8. dxe5
Be6 9. Nbd2 Nc5 10. c3 d4 11. Bxe6 Nxe6 12. cxd4 Ncxd4 13. a4 Bb4 14. axb5 Nxb5
15. Qb3 Bxd2 16. Rxa6 Rb8 17. Rxe6+ fxe6 18. Qxe6+ Qe7 19. Qc6+ Qd7 20. Qxd7+
Kxd7 21. Bxd2 Ke6 22. Rc1 Rhd8 23. Be3 Rd3 24. g4 Rb3 25. Rc6+ Kf7 26. Rc2 Rd8
27. Kg2 Rd5 28. h4 h6 29. h5 Kg8 30. Bc5 Kf7 31. Be3 Rb4 32. Kg3 Rb3 33. Rc6
Rxb2 34. Rg6 Kf8 35. e6 Nc3 36. e7+ Kxe7 37. Rxg7+ Kd8 38. g5 Ne4+ 39. Kg2 hxg5
40. h6 g4 41. Ng5 Nf6 42. Ne6+ Kc8 43. Rxc7+ Kb8 44. Rf7 Ne4 45. Bf4+ Rd6 46.
Bxd6+ Nxd6 47. Rf8+ 1-0

[Event "3. Ashdod International Chess Tournamen"]
[Site "Ashdod ISR"]
[Date "2006.09.17"]
[Round "7.4"]
[White "Krush, Irina"]
[Black "Malisov, Boris"]
[Result "1-0"]
[WhiteElo "2436"]
[BlackElo "2324"]
[PlyCount "47"]
[EventDate "2006.09.11"]
[EventType "swiss"]
[EventRounds "9"]
[EventCountry "ISR"]
[Source "lmi"]
[SourceDate "2006.09.11"]

1. d4 c5 2. d5 Nf6 3. c4 g6 4. Nc3 Bg7 5. e4 O-O 6. Nf3 e6 7. Bd3 exd5 8. cxd5
d6 9. h3 b5 10. Nxb5 Nxe4 11. Bxe4 Re8 12. Ng5 Bf6 13. O-O a6 14. Ne6 fxe6 15.
dxe6 axb5 16. Bxa8 Kg7 17. Bd5 Qb6 18. Re1 Be7 19. Qf3 Rf8 20. Qc3+ Bf6 21. e7
Bxc3 22. Bh6+ Kxh6 23. exf8=Q+ Bg7 24. Qxc8 1-0

[Event "3. Ashdod International Chess Tournamen"]
[Site "Ashdod ISR"]
[Date "2006.09.17"]
[Round "7.5"]
[White "Murey, Jacob"]
[Black "Axelrod, Arie"]
[Result "1-0"]
[WhiteElo "2482"]
[BlackElo "2290"]
[PlyCount "41"]
[EventDate "2006.09.11"]
[EventType "swiss"]
[EventRounds "9"]
[EventCountry "ISR"]
[Source "lmi"]
[SourceDate "2006.09.11"]

1. e4 c5 2. Nc3 d6 3. g3 Nc6 4. Bg2 g6 5. Nge2 Bg7 6. a3 Nf6 7. Rb1 a5 8. b3
Rb8 9. Nb5 O-O 10. O-O b6 11. d4 Ba6 12. a4 cxd4 13. Nexd4 Nxd4 14. Qxd4 Bxb5
15. axb5 Qc7 16. c4 a4 17. Bg5 a3 18. Bf4 a2 19. Rbc1 Ra8 20. Bxd6 Qa7 21. e5
1-0

[Event "3. Ashdod International Chess Tournamen"]
[Site "Ashdod ISR"]
[Date "2006.09.17"]
[Round "7.6"]
[White "Livshits, Gaby"]
[Black "Smirin, Ilia"]
[Result "0-1"]
[WhiteElo "2406"]
[BlackElo "2659"]
[PlyCount "60"]
[EventDate "2006.09.11"]
[EventType "swiss"]
[EventRounds "9"]
[EventCountry "ISR"]
[Source "lmi"]
[SourceDate "2006.09.11"]

1. e4 c5 2. Nf3 d6 3. d4 cxd4 4. Nxd4 Nf6 5. Nc3 a6 6. g3 e5 7. Nde2 Nbd7 8.
Bg2 b5 9. O-O Be7 10. h3 O-O 11. g4 b4 12. Nd5 Nxd5 13. exd5 a5 14. Ng3 Ba6 15.
Re1 g6 16. Bh6 Re8 17. a3 Qc7 18. axb4 axb4 19. Qd2 Reb8 20. Ne4 Bb7 21. Rxa8
Bxa8 22. Ra1 Nb6 23. Qxb4 Bxd5 24. Qd2 Bc6 25. Qc3 Rc8 26. b3 d5 27. Ra7 Qxa7
28. Qxe5 f6 29. Qe6+ Kh8 30. Qf7 Rg8 0-1

[Event "3. Ashdod International Chess Tournamen"]
[Site "Ashdod ISR"]
[Date "2006.09.17"]
[Round "7.7"]
[White "Erenburg, Sergey"]
[Black "Porat, Ido"]
[Result "1/2-1/2"]
[WhiteElo "2585"]
[BlackElo "2329"]
[PlyCount "89"]
[EventDate "2006.09.11"]
[EventType "swiss"]
[EventRounds "9"]
[EventCountry "ISR"]
[Source "lmi"]
[SourceDate "2006.09.11"]

1. e4 c5 2. Nf3 d6 3. c3 Nf6 4. h3 g6 5. Bd3 Bg7 6. Bc2 Nc6 7. O-O O-O 8. Re1
e5 9. d3 h6 10. a3 Re8 11. b4 b6 12. Nbd2 Nh5 13. Bb3 Nf4 14. Nf1 Be6 15. Bxe6
fxe6 16. Bxf4 exf4 17. Rc1 Qd7 18. d4 cxd4 19. cxd4 d5 20. e5 Rec8 21. Qd2 Qf7
22. Rc3 Ne7 23. Rec1 Rxc3 24. Rxc3 Rc8 25. Rxc8+ Nxc8 26. Qc1 Ne7 27. N1d2 g5
28. Nh2 Nf5 29. Qc8+ Kh7 30. Ndf3 Kg6 31. h4 Qe7 32. Ng4 Kh5 33. Nf6+ Bxf6 34.
exf6 Qxf6 35. hxg5 hxg5 36. Qg8 Qg7 37. Qxe6 Nh4 38. Qe8+ Kh6 39. Ne5 f3 40.
Ng4+ Kh7 41. Qh5+ Kg8 42. Qe8+ Kh7 43. Qh5+ Kg8 44. Qe8+ Kh7 45. Qh5+ 1/2-1/2

[Event "3. Ashdod International Chess Tournamen"]
[Site "Ashdod ISR"]
[Date "2006.09.18"]
[Round "8.1"]
[White "Smirin, Ilia"]
[Black "Sutovsky, Emil"]
[Result "1/2-1/2"]
[WhiteElo "2659"]
[BlackElo "2607"]
[PlyCount "71"]
[EventDate "2006.09.11"]
[EventType "swiss"]
[EventRounds "9"]
[EventCountry "ISR"]
[Source "lmi"]
[SourceDate "2006.09.11"]

1. e4 e5 2. Bc4 Nf6 3. d3 Nc6 4. Nf3 Bc5 5. O-O d6 6. c3 O-O 7. Bb3 a6 8. Nbd2
Be6 9. Bc2 h6 10. h3 d5 11. exd5 Qxd5 12. Re1 Rad8 13. Qe2 Rfe8 14. Nh4 Qd7 15.
Ne4 Be7 16. Nf3 Nd5 17. Ng3 Nf4 18. Bxf4 exf4 19. Ne4 f5 20. Ned2 Bf6 21. Qf1
g5 22. d4 Kg7 23. Qd3 h5 24. Nb3 b6 25. Qxa6 g4 26. Nfd2 gxh3 27. d5 Bxd5 28.
Qd3 Kh6 29. Kh2 Bh4 30. Rf1 Bg3+ 31. fxg3 Re3 32. Nd4 Rxd3 33. Bxd3 Re8 34. Rg1
Re3 35. Rgf1 Qd6 36. c4 1/2-1/2

[Event "3. Ashdod International Chess Tournamen"]
[Site "Ashdod ISR"]
[Date "2006.09.18"]
[Round "8.2"]
[White "Lerner, Konstantin Z"]
[Black "Kantsler, Boris"]
[Result "1/2-1/2"]
[WhiteElo "2523"]
[BlackElo "2490"]
[PlyCount "122"]
[EventDate "2006.09.11"]
[EventType "swiss"]
[EventRounds "9"]
[EventCountry "ISR"]
[Source "lmi"]
[SourceDate "2006.09.11"]

1. d4 d6 2. e4 Nf6 3. Nc3 g6 4. Be3 c6 5. Qd2 Qa5 6. h3 b5 7. Bd3 Nbd7 8. f4 b4
9. Nd1 c5 10. c3 bxc3 11. Nxc3 cxd4 12. Bxd4 e5 13. fxe5 dxe5 14. Be3 Bc5 15.
Nf3 O-O 16. O-O Bb7 17. Kh2 Bxe3 18. Qxe3 Kg7 19. Rad1 Qc5 20. Qxc5 Nxc5 21.
Nxe5 Rae8 22. Nc4 Nxd3 23. Rxd3 Nxe4 24. Nxe4 Rxe4 25. Nd6 Re7 26. b4 Bc8 27.
Rc1 Be6 28. a4 Rd7 29. Rcd1 Rc7 30. b5 Rc2 31. R1d2 Rc1 32. Rb2 Rb8 33. Rd4 Kf8
34. Ne4 h6 35. Nd2 Ke7 36. Nf3 Rc5 37. Rdb4 a6 38. bxa6 Rxb4 39. Rxb4 Ra5 40.
Nd4 Rxa6 41. Nxe6 fxe6 42. Kg3 Kd6 43. Kf3 Kc5 44. Rh4 h5 45. Re4 Rb6 46. a5
Ra6 47. Kf4 Kd5 48. Ra4 e5+ 49. Ke3 g5 50. g4 hxg4 51. hxg4 e4 52. Ra1 Ke5 53.
Ra2 Rh6 54. Ra4 Rh3+ 55. Kf2 Kf4 56. a6 Rh2+ 57. Kg1 Rh8 58. a7 Ra8 59. Kf2
Kxg4 60. Rxe4+ Kf5 61. Ra4 Ke5 1/2-1/2

[Event "3. Ashdod International Chess Tournamen"]
[Site "Ashdod ISR"]
[Date "2006.09.18"]
[Round "8.3"]
[White "Mikhalevski, Victor"]
[Black "Krush, Irina"]
[Result "1-0"]
[WhiteElo "2571"]
[BlackElo "2436"]
[PlyCount "47"]
[EventDate "2006.09.11"]
[EventType "swiss"]
[EventRounds "9"]
[EventCountry "ISR"]
[Source "lmi"]
[SourceDate "2006.09.11"]

1. d4 d5 2. c4 e6 3. Nf3 Nf6 4. g3 dxc4 5. Bg2 a6 6. O-O Nc6 7. Nc3 Rb8 8. e4
Be7 9. Qe2 Nxd4 10. Nxd4 Qxd4 11. Rd1 Qc5 12. Be3 Qa5 13. Bd2 Qc5 14. e5 Nd7
15. Ne4 Qxe5 16. Bc3 Qf5 17. Qxc4 O-O 18. Qxc7 Bd8 19. Qd6 b5 20. Bb4 a5 21.
Qxb8 Nxb8 22. Bxf8 Bb6 23. Bc5 Bxc5 24. Rac1 1-0

[Event "3. Ashdod International Chess Tournamen"]
[Site "Ashdod ISR"]
[Date "2006.09.18"]
[Round "8.4"]
[White "Porat, Ido"]
[Black "Livshits, Gaby"]
[Result "1-0"]
[WhiteElo "2329"]
[BlackElo "2406"]
[PlyCount "130"]
[EventDate "2006.09.11"]
[EventType "swiss"]
[EventRounds "9"]
[EventCountry "ISR"]
[Source "lmi"]
[SourceDate "2006.09.11"]

1. d4 Nf6 2. c4 g6 3. Nc3 d5 4. Bf4 Bg7 5. e3 O-O 6. cxd5 Nxd5 7. Nxd5 Qxd5 8.
Bxc7 Na6 9. Bxa6 Qxg2 10. Qf3 Qxf3 11. Nxf3 bxa6 12. Rg1 f6 13. Ke2 Bd7 14.
Rac1 e5 15. d5 e4 16. Nd4 Rfe8 17. Rc2 f5 18. Rgc1 Rac8 19. Bf4 Bxd4 20. exd4
Rxc2+ 21. Rxc2 Rc8 22. Rc5 Kf7 23. Ke3 Ke7 24. Bg5+ Kd6 25. Bf4+ Ke7 26. h4 Ke8
27. b3 Ke7 28. Kd2 Kd8 29. Bg5+ Ke8 30. Kc3 Rb8 31. Bf4 Rb7 32. a3 Kd8 33. Bg5+
Ke8 34. Bf4 Kd8 35. Bg5+ Ke8 36. b4 Ba4 37. d6 Kd7 38. d5 h6 39. Bxh6 Kxd6 40.
Bf4+ Ke7 41. Kd4 Bd7 42. Ke5 Kf7 43. Kd6 Ke8 44. Be3 Kf7 45. Rc6 a5 46. bxa5
Ke8 47. Ra6 f4 48. Bxf4 Rb3 49. Rxa7 Bf5 50. Ra8+ Kf7 51. Ra7+ Kg8 52. a6 e3
53. Ra8+ Kf7 54. Ra7+ Kf8 55. Rb7 e2 56. Bd2 Rxa3 57. a7 Ra6+ 58. Ke5 Bc8 59.
Rb8 Rxa7 60. Rxc8+ Kf7 61. Rc1 Re7+ 62. Kd6 Re4 63. Be1 Rxh4 64. Rc2 Kf6 65.
Kc7 Rh7+ 1-0

[Event "3. Ashdod International Chess Tournamen"]
[Site "Ashdod ISR"]
[Date "2006.09.18"]
[Round "8.6"]
[White "Kaplan, Sasha"]
[Black "Erenburg, Sergey"]
[Result "1/2-1/2"]
[WhiteElo "2345"]
[BlackElo "2585"]
[PlyCount "63"]
[EventDate "2006.09.11"]
[EventType "swiss"]
[EventRounds "9"]
[EventCountry "ISR"]
[Source "lmi"]
[SourceDate "2006.09.11"]

1. e4 c6 2. c4 d5 3. cxd5 cxd5 4. exd5 Nf6 5. Bb5+ Nbd7 6. Nc3 a6 7. Ba4 b5 8.
Bb3 Bb7 9. Nf3 b4 10. Na4 Bxd5 11. d4 e6 12. O-O Bd6 13. Bg5 Qb8 14. Rc1 O-O
15. Nc5 Bxf3 16. Qxf3 Bxh2+ 17. Kh1 Bd6 18. Rfe1 Rc8 19. Nxd7 Nxd7 20. Rxc8+
Qxc8 21. Rc1 Qb8 22. Rc6 Ra7 23. Qe2 Bf4 24. Qc4 Bc7 25. Bf4 Nb6 26. Qxb4 Bxf4
27. Qxb6 Ra8 28. Qxb8+ Rxb8 29. Rxa6 Bc1 30. d5 exd5 31. Bxd5 Bxb2 32. Ra8
1/2-1/2